Le vodou libérateur : (Record no. 110297)

MARC details
000 -LEADER
campo de control de longitud fija 01088cam a2200373 a 4500
001 - NÚMERO DE CONTROL
campo de control 40382
005 - FECHA Y HORA DE LA ÚLTIMA TRANSACCIÓN
campo de control 20230411085955.0
008 - DATOS DE LONGITUD FIJA--INFORMACIÓN GENERAL
campo de control de longitud fija 990910s1999 quca b 000 0 fre
035 ## - NÚMERO DE CONTROL DEL SISTEMA
Número de control de sistema (OCoLC)ocm43279345
040 ## - FUENTE DE CATALOGACIÓN
Centro catalogador/agencia de origen NLC
Centro/agencia transcriptor NLC
Centro/agencia modificador NYP
-- MUQ
-- KLG
016 ## - NÚMERO DE CONTROL DE UNA AGENCIA BIBLIOGRÁFICA NACIONAL
Número de control del registro 990160866
020 ## - NÚMERO INTERNACIONAL ESTÁNDAR DEL LIBRO
Número Internacional Estándar del Libro 2980614203
020 ## - NÚMERO INTERNACIONAL ESTÁNDAR DEL LIBRO
Número Internacional Estándar del Libro 9782980614200
029 0# - OTRO NÚMERO DE CONTROL DE SISTEMA (OCLC)
Identificador de la biblioteca OCLC NLC
Número de control de sistema 990160866
035 ## - NÚMERO DE CONTROL DEL SISTEMA
Número de control de sistema (OCoLC)43279345
043 ## - CÓDIGO DE ÁREA GEOGRÁFICA
Código de área geográfica nwht---
055 00 - NÚMEROS DE CLASIFICACIÓN ASIGNADOS EN CANADÁ
Número de clasificación 110 BL 2490
Número de ítem A923v 1999
082 00 - NÚMERO DE LA CLASIFICACIÓN DECIMAL DEWEY
Número de clasificación 299/.675
049 ## - FONDOS LOCALES (OCLC)
Biblioteca depositaria GRAL
100 1# - ENTRADA PRINCIPAL--NOMBRE DE PERSONA
Nombre de persona Augustin, Joseph,
Fechas asociadas al nombre 1921-
245 13 - MENCIÓN DEL TÍTULO
Título Le vodou libérateur :
Resto del título et si le vodou était une valeur!-- /
Mención de responsabilidad, etc. Joseph Augustin.
260 ## - PUBLICACIÓN, DISTRIBUCIÓN, ETC.
Lugar de publicación, distribución, etc. Montréal :
Nombre del editor, distribuidor, etc. Tanboula,
Fecha de publicación, distribución, etc. [1999?]
300 ## - DESCRIPCIÓN FÍSICA
Extensión 340 p. :
Otras características físicas ill. ;
Dimensiones 22 cm.
504 ## - NOTA DE BIBLIOGRAFÍA, ETC.
Nota de bibliografía, etc. Includes bibliographical references (p. 333-337).
651 #0 - PUNTO DE ACCESO ADICIONAL DE MATERIA--NOMBRE GEOGRÁFICO
Nombre geográfico Haiti
Subdivisión general Religion.
650 #0 - PUNTO DE ACCESO ADICIONAL DE MATERIA--TÉRMINO DE MATERIA
Término de materia o nombre geográfico como elemento de entrada Voodooism.
650 #0 - PUNTO DE ACCESO ADICIONAL DE MATERIA--TÉRMINO DE MATERIA
Término de materia o nombre geográfico como elemento de entrada God.
650 #0 - PUNTO DE ACCESO ADICIONAL DE MATERIA--TÉRMINO DE MATERIA
Término de materia o nombre geográfico como elemento de entrada Liberation theology.
650 #0 - PUNTO DE ACCESO ADICIONAL DE MATERIA--TÉRMINO DE MATERIA
Término de materia o nombre geográfico como elemento de entrada Voodooism
Subdivisión general Relations
Subdivisión geográfica Haiti
Subdivisión general Catholic Church.
610 20 - PUNTO DE ACCESO ADICIONAL DE MATERIA--NOMBRE DE ENTIDAD CORPORATIVA
Nombre de entidad corporativa o nombre de jurisdicción como elemento de entrada Catholic Church
Subdivisión general Relations
-- Voodooism.
650 #6 - PUNTO DE ACCESO ADICIONAL DE MATERIA--TÉRMINO DE MATERIA
Término de materia o nombre geográfico como elemento de entrada Vaudou
942 ## - ELEMENTOS DE ENTRADA SECUNDARIOS (KOHA)
Fuente del sistema de clasificación o colocación Clasificación de Library of Congress
Tipo de ítem Koha
994 ## -
-- C0
-- DRFGD
Holdings
Estatus retirado Estado de pérdida Fuente del sistema de clasificación o colocación Estado de daño No para préstamo Colección Biblioteca de origen Biblioteca actual Ubicación en estantería Fecha de adquisición Código de barras Visto por última vez Copia número Tipo de ítem Koha
    Clasificación de Library of Congress     Automatización y Procesos Técnicos Biblioteca Juan Bosch Biblioteca Juan Bosch Automatización y Procesos Técnicos (1er. Piso) 11/04/2023 00000041539 17/02/2019 1